Научные школы ТПУ по ускорению заряженных частиц; Томский политехник; Вып. 3

Bibliographische Detailangaben
Parent link:Томский политехник: ежегодный журнал/ Томский политехнический университет (ТПУ), Ассоциация выпускников.— , 1995-
Вып. 3.— 1997.— [С. 30-32]
1. Verfasser: Чучалин И. П. Иван Петрович
Zusammenfassung:Заглавие с титульного листа
Электронная версия печатной публикации
Sprache:Russisch
Veröffentlicht: 1997
Schriftenreihe:Традиции
Schlagworte:
Online-Zugang:Цветная версия без потери качества
Format: MixedMaterials Elektronisch Buchkapitel
KOHA link:https://koha.lib.tpu.ru/cgi-bin/koha/opac-detail.pl?biblionumber=188999

MARC

LEADER 00000nla2a2200000 4500
001 188999
005 20231031175131.0
035 |a (RuTPU)RU\TPU\book\205295 
035 |a RU\TPU\book\205291 
090 |a 188999 
100 |a 20101217d1997 km y0rusy50 ca 
101 0 |a rus 
102 |a RU 
135 |a drnn ---uucaa 
181 0 |a i  
182 0 |a b 
200 1 |a Научные школы ТПУ по ускорению заряженных частиц  |b Электронный ресурс  |f И. П. Чучалин 
203 |a Текст  |c электронный 
215 |a 1 файл (7.6 Мб) 
225 1 |a Традиции 
230 |a Электронные текстовые данные (1 файл : 7.6 Мб) 
300 |a Заглавие с титульного листа 
300 |a Электронная версия печатной публикации 
337 |a Adobe Reader 
461 1 |0 (RuTPU)RU\TPU\book\202435  |t Томский политехник  |o ежегодный журнал  |f Томский политехнический университет (ТПУ), Ассоциация выпускников  |d 1995- 
463 1 |0 (RuTPU)RU\TPU\book\205097  |t Вып. 3  |v [С. 30-32]  |d 1997  |p 95 с. 
601 0 2 |a Томский политехнический университет (ТПУ)  |b Ассоциация выпускников  |2 stltpush  |3 (RuTPU)RU\TPU\col\13437 
610 1 |a научные школы 
610 1 |a научные руководители 
610 1 |a электронный ресурс 
610 1 |a труды учёных ТПУ 
700 1 |a Чучалин  |b И. П.  |c физик  |c ректор Томского института автоматизированных систем управления и радиоэлектроники (ТИАСУР), 1972-1981  |c ректор Томского политехнического института (ТПИ), 1981-1990  |c выпускник ФТФ ТПИ 1951 г.  |f 1925-  |g Иван Петрович  |2 stltpush  |3 (RuTPU)RU\TPU\pers\11823 
801 1 |a RU  |b 63413507  |c 20101101 
801 2 |a RU  |b 63413507  |c 20220208  |g RCR 
856 4 |u http://www.lib.tpu.ru/fulltext/v/Tomsk_polytechnic/1997/N3a8_full.pdf  |z Цветная версия без потери качества 
942 |c CF